Rivers by shape - Statistics

General Stats
  • This quiz has been taken 26 times
  • The average score is 6 of 12
Answer Stats
Picture Answer % Correct
Nile
100%
Danube
79%
Amazon
68%
Niger
68%
Rhine
58%
Congo
53%
Mekong
53%
Rio Grande
53%
Mississippi
32%
Ohio
26%
Dnipro
16%
Columbia
5%
No matching quizzes found
Score Distribution
Percent of People with Each Score
Percentile by Number Answered
Your Score History
You have not taken this quiz